Auri sacra fames : (Registro nro. 326406)

Detalles MARC
000 -ENCABEZADO
Número de control [NR] 01542nam a22002777a 4500
005 - FECHA Y HORA DE LA ÚLTIMA TRANSACCIÓN
control field 20260521123548.0
008 - DE LONGITUD FIJA DE DATOS DE ELEMENTOS - INFORMACIÓN GENERAL
Elementos de longitud fija [NR] 260514t2024 |||||||| |||| 00| 0 spa d
020 ## - NUMERO INTERNACIONAL NORMALIZADO PARA LIBROS [R]
Número Internacional Normalizado del libro [NR] 9786289607482
040 ## - FUENTE DE CATALOGACION [NR]
Agencia de catalogación original [NR] CO-BoUCM
Idioma de catalogación [NR] spa
Quien Cataloga Stefania Borbon
Quien Clasifica Stefania Borbon
041 ## - CODIGO DE IDIOMA [R]
Código de idioma para texto/pista de sonido o título separado [R] Español
100 ## - ASIENTO PRINCIPAL--NOMBRE PERSONAL [NR]
Nombre personal [NR] Gómez Gutiérrez, Alberto
ID Autoridad 61933
245 ## - MENCION DE TITULO [NR]
Título [NR] Auri sacra fames :
Parte restante del título [NR] una década serena y apacible de José Celestino Mutis : 1772 - 1782 /
Mención de responsabilidad, etc. [NR] Alberto Gómez Gutiérrez
260 ## - PUBLICACION, DISTRIBUCION, ETC. (PIE DE IMPRENTA) [R]
Lugar de publicación, distribución, etc. [R] Bogotá, D.C. :
Nombre del editor, distribuidor, etc. [R] Academia Colombiana de Ciencias Exactas, Físicas y Naturales ;
-- Editorial Gente Nueva ,
Fecha de publicación, distribución, etc. [R] 2024
300 ## - DESCRIPCION FISICA [R]
Extensión [R] 478 páginas
490 ## - MENCION DE SERIE [R]
Mención de serie [R] Colección Enrique Pérez Arbeláez
Designación numérica/secuencial del volumen [NR] No.16
504 ## - NOTA DE BIBLIOGRAFIA, ETC. [R]
Nota de bibliografía, etc. [NR] Incluye referencias bibliográficas
520 ## - NOTA DE RESUMEN, ETC. [R]
Nota de sumario, etc. [NR] Obra que aborda la década olvidada de 1772 a 1782 en la vida de José Celestino Mutis, periodo de transformación crucial donde decantó sus dimensiones como médico, botánico, matemático, astrónomo y minero, antes de la consolidación de la Real Expedición Botánica en 1783.
600 17 - ASIENTO SECUNDARIO DE MATERIA - NOMBRE PERSONAL [R]
Nombre personal [NR] Mutis, José Celestino,
Fechas asociadas con el nombre [NR] 1732-1808
Subdivisión general [R] Crítica e interpretación
9 (RLIN) 189258
600 17 - ASIENTO SECUNDARIO DE MATERIA - NOMBRE PERSONAL [R]
Nombre personal [NR] Mutis, José Celestino,
Fechas asociadas con el nombre [NR] 1732-1808
Subdivisión general [R] Biografía
9 (RLIN) 189259
650 #7 - ASIENTO SECUNDARIO DE MATERIA - TERMINO TEMATICO [R]
Término temático o nombre geográfico como elemento de entrada [NR] Botánica
Subdivisión general [R] Historia
Subdivisión cronológica [R] Siglo XVIII
Subdivisión geográfica [R] Colombia
9 (RLIN) 189260
650 #7 - ASIENTO SECUNDARIO DE MATERIA - TERMINO TEMATICO [R]
Término temático o nombre geográfico como elemento de entrada [NR] Científicos
Subdivisión de forma [R] Biografías
Subdivisión geográfica [R] Colombia
9 (RLIN) 105939
650 #7 - ASIENTO SECUNDARIO DE MATERIA - TERMINO TEMATICO [R]
Término temático o nombre geográfico como elemento de entrada [NR] Expediciones científicas
Subdivisión general [R] Historia
Subdivisión geográfica [R] Colombia
9 (RLIN) 189261
710 ## - ASIENTO SECUNDARIO - NOMBRE CORPORATIVO [R]
Nombre corporativo o de jurisdicción como elemento de entrada [NR] Academia Colombiana de Ciencias Exactas, Físicas y Naturales
9 (RLIN) 82682
942 ## - ELEMENTOS DE ENTRADA AGREGADOS (KOHA)
Sistema de clasificación DEWEY
Tema principal Ciencias aplicadas
Tipo de ítem principal el descrito en 300a Libro
Edición 1
Clasificación 509.2
Parte restante de la signatura top. G633a
Existencias
Total préstamos Signatura topográfica Código de barras Última vez visto Ejemplar Costo de reposición Price effective from Tipo de ítem Perdido Sistema de clasificación Dañado No prestable Tipo de ítem específico Suprimido Ubicación habitual Ubicación actual Localización Fecha de creación Forma de adquisición
  509.2 G633a 100175173 15/05/2026 Ej.1 26000.00 14/05/2026 Libro   DEWEY     Libro   Quinta de Mutis Quinta de Mutis Mezanecs 14/05/2026 Donación